| Поле | Инд. | ПП | Название | Значение |
|---|---|---|---|---|
| Тип записи | a | |||
| Библиографический уровень | b | |||
| 001 | Контрольный номер | RU/IS/BASE/102781032 | ||
| 005 | Дата корректировки | 20200529173524.7 | ||
| 084 | a | Индекс другой классификации/Индекс ББК | 60.561.9(2Рос); 60.507; 74.03(2) | |
| 100 | 1_ | a | Автор | Балбеко А. М. |
| 245 | a | Заглавие | Социально-педагогические условия развития высшего образования в Сибири | |
| 504 | a | Библиография | Библиогр. ссылки | |
| 650 | a | Основная рубрика | история образования | |
| a | Основная рубрика | образование | ||
| a | Основная рубрика | социология | ||
| a | Основная рубрика | социология образования | ||
| 653 | a | Ключевые слова | XX век | |
| a | Ключевые слова | высшее образование | ||
| a | Ключевые слова | высшие учебные заведения | ||
| a | Ключевые слова | историческая социология | ||
| a | Ключевые слова | народное образование | ||
| a | Ключевые слова | образовательный уровень | ||
| a | Ключевые слова | подготовка кадров | ||
| a | Ключевые слова | подготовка учителей | ||
| a | Ключевые слова | развитие образования | ||
| a | Ключевые слова | Россия | ||
| a | Ключевые слова | Сибирь | ||
| a | Ключевые слова | система образования | ||
| a | Ключевые слова | университеты | ||
| a | Ключевые слова | учителя | ||
| a | Ключевые слова | школы фабрично-заводского обучения | ||
| a | Ключевые слова | школьное образование | ||
| 773 | t | Заглавие источника | Социально-гуманитарные знания | |
| d | Дата издания источника | 2003 | ||
| g | Прочая информация | № 1. - С. 183 - 195 | ||
| w | Контрольный № источника | RU/IS/BASE/101491030 | ||
| 901 | t | Тип документа | b |